000 00314nam a2200133Ia 4500
005 20251222144903.0
008 251222s9999||||xx |||||||||||||| ||spa||
020 _a84-88344-00-7
082 _a869.552/P19/1993
100 _aPalma, Ricardo
245 0 _aTradiciones Peruanas
264 _bArchjivos
942 _cLIB
999 _c22064
_d22064